000 00533nam a22001697a 4500
003 OSt
005 20260316142637.0
008 260316b |||||||| |||| 00| 0 eng d
040 _cMRSPTU
041 _aEnglish
100 _aPrince Chugh, Supervisor: Meenu Chaudhary,
245 _aPlanning for Tourism & Infrastructure Development in Kurukshetra
260 _bDepartment of Architecture, MRSPTU, Bathinda
_c2023
650 _aArchitecture
856 _uhttp://163.47.215.52:8080/jspui/handle/123456789/860
942 _2ddc
_cTH
_n0
999 _c11155
_d11155